000
002220000a22000970004500
100
1
_a
Gray, Laurence
245
1
0
_a
On the streets in Cambodia
300
_a
Num. 3 (2001), Páginas 19
773
0
_t
Global Future
942
_c
ANA
999
_c
53545
_d
53545